ბათუმის შოთა რუსთაველის სახელმწიფო უნივერსიტეტის ბიბლიოთეკა

თხზულების სწავლების მეთოდიკა / (ბიბ.ჩანაწერი № 34758)

000 -ლიდერი
ფიქსირებული სიგრძის საკონტროლო ველი 00831nam a2200205Ia 4500
001 - საკონტროლო ნომერი
საკონტროლო ველი 556
003 - საკონტროლო ნომრის იდენტიფიკატორი
საკონტროლო ველი GE_BSU
005 - ბოლო ოპერაციის თარიღი და დრო
საკონტროლო ველი 20210514115348.0
008 - ფიქსირებული სიგრძის მონაცემთა ელემენტები - ზოგადი ინფორმაცია
ფიქსირებული სიგრძის საკონტროლო ველი 181216s2005||||ge |||||||||||||| ||geo||
040 ## - კატალოგიზაციის წყარო
Transcribing agency GE_BSU
041 ## - ენის კოდი
Language code of text/sound track or separate title geo
080 ## - უნივერსალური ათობითი კლასიფიკაციის ინდექსი
Universal Decimal Classification number 821.353.1(072) ზ–77
100 ## - მთავარი ჩანაწერი - პიროვნების სახელი
Personal name ზოიძე, ა.
9 (RLIN) 11705
245 ## - ცნობა სათაურის შესახებ
Title თხზულების სწავლების მეთოდიკა /
Statement of responsibility, etc ა. ზოიძე; რედ. ჟუჟუნა ცირეკიძე.
264 ## - წარმოების, გამოცემის, დისტრიბუციის და სხვა ცნობები
გამოცემის, წარმოების, დისტრიბუციის... ადგილი ბათუმი :
გამოცემის, წარმოების, დისტრიბუციის... სახელწოდება უნივერსიტეტის გამ–ბა,
გამოცემის, წარმოების, დისტრიბუციის... თარიღი 2005.
300 ## - ფიზიკური აღწერა
Extent 319 გვ.
653 ## - INDEX TERM--UNCONTROLLED
Uncontrolled term თხზულების სწავლების მეთოდიკა
700 ## - ADDED ENTRY--PERSONAL NAME
Personal name ცირეკიძე, ჟუჟუნა
Relator term რედაქტორი
9 (RLIN) 11796
942 ## - ADDED ENTRY ELEMENTS (KOHA)
Koha item type წიგნი
Source of classification or shelving scheme
ეგზემპლარები
ჩამოწერის სტატუსი დაკარგული ეგზემპლარის სტატუსი კლასიფიკაციის წყარო ან თაროზე გაწყობის სქემა დაზიანების სტატუსი არ გაიცემა მუდმივი მდებარეობა (დაცვის ადგილი) ამჟამინდელი ადგილსამყოფელი თაროზე განთავსების ადგილი შეძენის თარიღი სრული შენახვის შიფრი შტრიხკოდი ბოლო ოპერაციის თარიღი ეგზემპლარის მიმდევრობითი ნომერი (კეტერი?) ფასის ძალაში შესვლის თარიღი ეგზემპლარის სახეობა
          ბათუმის შოთა რუსთაველის სახელმწიფო უნივერსიტეტის მთავარი ბიბლიოთეკა ბათუმის შოთა რუსთაველის სახელმწიფო უნივერსიტეტის მთავარი ბიბლიოთეკა წიგნსაცავი 2018-12-17 821.353.1(072) ზ–77 929 2018-12-17 929 2018-12-17 წიგნი